La supresión de la política

Guardat en:
Dades bibliogràfiques
Format: Llibre
Idioma:espanyol
Publicat: Madrid Traficantes de Sueños 2004
Edició:2a. ed
Col·lecció:Internacional Situacionista, 2
Matèries:
Etiquetes: Afegir etiqueta
Sense etiquetes, Sigues el primer a etiquetar aquest registre!

MARC

LEADER 00000nam a2200000 a 4500
001 UCJ1026
003 CL-VaPUC
008 060929e20040000SP |||||||||||||||||spa|d
020 |a 8493355585 
082 0 4 |a 320.01  |b SUP  |2 21 
245 1 3 |a La supresión de la política 
246 1 0 |a Internationale Situationniste 7-10 
250 |a 2a. ed 
300 |a 252 p 
942 |c BK 
945 |d 20060929 00:00:00  |a cmena 
260 |a Madrid  |b Traficantes de Sueños  |c 2004 
500 |a Textos completos en castellano de la revista: 
500 |a Internationale Situationniste, 1958-1969 
650 7 |a FILOSOFIA POLITICA  |2 CL-VaPUC  |9 501555 
650 0 |a Etica política   |9 255799 
650 0 |a Poder político  |9 255509 
583 |a last modification  |c 20060929 00:00:00  |k Rodrigo Vera 
490 0 |a Internacional Situacionista, 2 
999 |c 317759  |d 317757 
952 |0 0  |1 0  |4 0  |6 320_010000000000000_SUP_2004  |7 0  |8 R  |9 394660  |a BIBART  |b BIBART  |d 2019-11-22  |i 420378K  |o 320.01 SUP 2004  |p 420378K  |r 2025-03-13  |w 2019-11-22  |y BK_R  |k ART